[Event "12th ChessMates International, York"]
[Site "York Guildhall"]
[Date "2025.03.23"]
[Round "5.40"]
[White "Tomasdottir, Katrin Osk"]
[Black "Pervent, Louis"]
[Result "1/2-1/2"]
[WhiteElo "1611"]
[BlackElo "1576"]
[PlyCount "144"]
[EventDate "2025.??.??"]
[WhiteTeam "Iceland"]
[BlackTeam "Monaco"]
[WhiteTeamCountry "ISL"]
[BlackTeamCountry "MNC"]

1. d4 d5 2. c4 e6 3. Nc3 Nf6 4. Bg5 Nbd7 5. e3 c6 6. cxd5 cxd5 7. Nf3 Be7 8.
Bd3 O-O 9. O-O Qa5 10. Qc2 h6 11. Bh4 Re8 12. Rac1 a6 13. Rfd1 b5 14. a3 Bb7
15. Bxf6 Bxf6 16. Ne2 Rac8 17. Qd2 Qxd2 18. Nxd2 Red8 19. h3 e5 20. Bf5 Rxc1
21. Rxc1 g6 22. Bd3 e4 23. Bc2 Bg5 24. Bb3 Nb6 25. Rc7 Rb8 26. Nc3 Bd8 27. Rc5
Be7 28. Rxd5 Nxd5 29. Nxd5 Bxd5 30. Bxd5 Rc8 31. Bxe4 Rc1+ 32. Kh2 b4 33. axb4
Bxb4 34. Nf3 Be1 35. Kg3 Bb4 36. b3 Bd6+ 37. Ne5 f6 38. Bd5+ Kg7 39. Kf4 Rf1
40. f3 Rf2 41. g3 Rh2 42. h4 g5+ 43. hxg5 hxg5+ 44. Kf5 fxe5 45. dxe5 Be7 46.
Ke6 Kf8 47. f4 gxf4 48. exf4 Rh3 49. g4 Rg3 50. g5 Bxg5 51. fxg5 Rxg5 52. Kf6
Rg7 53. b4 Re7 54. Bc6 Rc7 55. Bd5 Re7 56. Be4 Rc7 57. Bg6 Rb7 58. e6 Re7 59.
Bf7 Rb7 60. Bg6 Re7 61. Bd3 Ra7 62. Be4 Re7 63. Ke5 Ke8 64. Bc6+ Kd8 65. Kf6
Rh7 66. Be4 Re7 67. Bg6 Rb7 68. Bf7 Rc7 69. Bh5 Re7 70. Be2 Ra7 71. Bf3 Rc7 72.
Be2 Ra7 1/2-1/2